Hướng dẫn thực hành nghiệp vụ ngoại thương hiện đại

Vấn đề quyết định xuất khẩu qua các giai đoạn, các nguồn thông tin trong thương mại quốc tế, marketing quốc tế, truyền thông xuyên biên giới, bán hàng, vận chuyển hàng hoá. Phương thức và kỹ thuật thanh toán tài chính, tài trợ xuất, nhập k...

Volledige beschrijving

Bewaard in:
Bibliografische gegevens
Hoofdauteur: Yamaguchi
Formaat: Boek
Taal:Undetermined
Gepubliceerd in: Hà Nội Văn hóa Thông tin 1992
Onderwerpen:
Tags: Voeg label toe
Geen labels, Wees de eerste die dit record labelt!
Thư viện lưu trữ: Trung tâm Học liệu Trường Đại học Cần Thơ
LEADER 01113nam a2200193Ia 4500
001 CTU_155761
008 210402s9999 xx 000 0 und d
082 |a 382.104 
082 |b Y19 
100 |a Yamaguchi 
245 0 |a Hướng dẫn thực hành nghiệp vụ ngoại thương hiện đại 
245 0 |c Yamaguchi ; Bùi Bích Loan (dịch) 
260 |a Hà Nội 
260 |b Văn hóa Thông tin 
260 |c 1992 
520 |a Vấn đề quyết định xuất khẩu qua các giai đoạn, các nguồn thông tin trong thương mại quốc tế, marketing quốc tế, truyền thông xuyên biên giới, bán hàng, vận chuyển hàng hoá. Phương thức và kỹ thuật thanh toán tài chính, tài trợ xuất, nhập khâủ, bảo hiểm và những điều cần biết về pháp lý. 
650 |a Foreign trade,International economic relations,Ngoại thương,Quan hệ kinh tế quốc tế 
904 |i Qhieu 
980 |a Trung tâm Học liệu Trường Đại học Cần Thơ